Remote Working in Hungary: Will We Ever See Our Offices Again?

Prieskum situácie pracovných síl v Maďarsku a možnosti ich prerozdelenia v post-pandemickom svete. Štatistický prehľad pracovných síl pred a po pandémii so zameraním na nezamestnanosť, prácu z domu alebo pracovnú migráciu. Vplyv COVID-19 na maďarskú (pracovnú) migráciu na domácej i medzinárodnej úro...

Descrizione completa

Salvato in:
Dettagli Bibliografici
Autore principale: Schlanger, Márton
Natura: Capitolo di libro
Lingua:inglese
Soggetti:
Tags: Aggiungi Tag
Nessun Tag, puoi essere il primo ad aggiungerne!!

MARC

LEADER 00000naa a2200000 4500
001 0273943
005 20210525110233.2
041 0 |a eng 
044 |a PL 
245 1 0 |a Remote Working in Hungary: Will We Ever See Our Offices Again?  |c Márton Schlanger 
520 |a Prieskum situácie pracovných síl v Maďarsku a možnosti ich prerozdelenia v post-pandemickom svete. Štatistický prehľad pracovných síl pred a po pandémii so zameraním na nezamestnanosť, prácu z domu alebo pracovnú migráciu. Vplyv COVID-19 na maďarskú (pracovnú) migráciu na domácej i medzinárodnej úrovni. 
610 2 0 |a práca z domu 
610 2 0 |a pandémia 
610 2 0 |a trh práce 
610 2 0 |a migrácia 
610 2 0 |a sily pracovné 
610 2 0 |a Maďarsko 
100 1 |a Schlanger, Márton